Countries By The Periodic Table - Statistics

General Stats
  • This quiz has been taken 1,678 times
  • The average score is 19 of 37
Answers on the Map
Answers color-coded by a green-red scale on the quiz's map according to % correct below.
 
Answer Stats
Hint Hint Country % Correct
386 105 France
80%
443.4 81.2 Belarus | Belgium | Belize | Benin
77%
359.2 239.6 Liberia | Libya | Liechtenstein | Lithuania
77%
479 120 Georgia | Germany
71%
234.0 373.0 Argentina | Armenia
70%
616.0 219.1 Cambodia | Cameroon | Canada | Cape Verde
70%
423.6 87.1 Poland | Portugal
66%
556 185.9 India | Indonesia
65%
569.8 166.5 Nepal | Netherlands | New Zealand
61%
425.5 124.0 Albania | Algeria
60%
683.0 342.0 Australia | Austria
59%
444.4 102.0 Moldova | Monaco | Mongolia | Montenegro | Morocco | Mozambique
59%
216.3 247.5 Colombia | Comoros | Costa Rica | Cote d'Ivoire | Congo
58%
188.2 218.1 Nicaragua | Niger | Nigeria
58%
209.0 180.9 Bahamas | Bahrain | Bangladesh | Barbados
57%
501.3 152.5 Iran | Iraq | Ireland
57%
418 328 Namibia | Nauru
55%
535.7 164.2 Pakistan | Palau | Panama | Papua New Guinea | Paraguay
54%
266 294 Brazil | Brunei
51%
610.3 194.9 Laos | Latvia
50%
665.7 127 North Korea | Norway | North Macedonia
50%
577 52 Russia
50%
347 212 Senegal | Serbia | Seychelles
49%
418.0 108.0 Croatia
48%
652.9 182.1 Taiwan | Tajikistan | Tanzania
48%
439.0 64.8 Estonia | Eswatini
45%
406.5 264 Gabon | Gambia
45%
184.5 210.7 Honduras
43%
206.0 190.2 Cuba
32%
354.0 232.9 Sierra Leone | Singapore
31%
608.0 207.9 Thailand
31%
562 235.3 Sri Lanka
30%
394.3 94.2 Luxembourg
28%
584.1 169.4 Bhutan
26%
466.3 209.2 Eritrea
25%
717.7 235.2 Federated States of Micronesia
12%
427.6 239.0 Central African Republic
10%
No matching quizzes found
Score Distribution
Percent of People with Each Score
Percentile by Number Answered
Your Score History
You have not taken this quiz